Fundamentos de ingeniería de cimentaciones (Registro nro. 22177)

Detalles MARC
000 -Cabecera
Campo de control interno 00481nam a22002057a 4500
005 - Fecha y hora del registro
control field 20260406180506.0
008 - Elementos de Longitud Fija
fixed length control field 260406b |||||||| |||| 00| 0 spa d
041 ## - Idioma
Codigo Idioma ESP
082 ## - DEWEY y NOTACIÓN INTERNA
Dewey 624.15
Notación Interna D27
100 ## - AUTOR
Autor denominación Das, Braja M.
245 ## - TÍTULO DE MATERIAL BIBLIOGRÁFICO
Título Fundamentos de ingeniería de cimentaciones
260 ## - CIUDAD, EDITORIAL, AÑO
Ciudad :
Nombre de la Editorial ,
Año 2012
300 ## - DESCRIPCIÓN
N° Páginas 000 páginas :
Otros detalles ;
Dimensiones 00 cm.
440 ## - MENCIÓN DE SERIE
Título de la Serie ;
650 ## - TEMAS
Temas Tecnología (Ciencias Aplicadas)
654 ## - PROGRAMAS
Programa Dpto. de Ingeniería Industrial
700 ## - OTROS AUTORES
Otros autores ;
942 ## - ELEMENTOS DE KOHA
Tipo de documento Libro
Nombre del creador Justo Noguera
Código de catalogador Justo Noguera
Suppress in OPAC No
Esquema de clasificación Dewey Decimal Classification
Existencias
Codigo completo Registro Colección Copia número Disponibilidad Tipo de préstamo Biblioteca Actual Procedencia (Biblioteca) Ubicacón Fecha Ingreso Tipo de Adquisición Date last seen Total checkouts Date last checked out Price effective from Tipo de Item Estado del Material Fuente de Clasificación Damaged status Withdrawn status
624.15 D27 1068844 Universidad Católica San Pablo 1 Disponible Disponible Víctor Andrés Belaunde Víctor Andrés Belaunde Segundo piso 06/04/2026 Compra 09/04/2026 1 08/04/2026 06/04/2026 Libro Bueno Dewey Decimal Classification